Influence of carbonatization on shrinkage of concrete

Podrobná bibliografia
Hlavný autor: Jerga, Ján (Autor)
Médium: Článok
Jazyk:slovenčina
angličtina
Fyzický popis:Grafy, tab.
ISSN:1335-8863
Predmet:

MARC

LEADER 00000nab a2200000 a 4500
001 vtls000799523
003 SK-MaSNL
005 20260304115059.0
008 250429c2002 xo 0 slo
015 |a SNBRB2002/07-21921 
035 |a CLN000151178 
035 |a urn:nbn:sk:snk-abo3l 
035 |a (urnnbn)urn:nbn:sk:snk:ar-a03uiq 
035 |a (uuid)fdb169dd-7312-4a8f-83b0-1e884efa59ed 
040 |a SNKBUCL  |b slo  |c SNKBUCL  |e AACR2 
041 0 |a eng 
044 |a xo  |c SK 
080 |a 666.972.017:620.192.52  |2 1997 
080 |a 691.3.059.22  |2 1997 
080 |a 539.379  |2 1997 
080 |a 620.192.52  |2 1997 
100 1 |a Jerga, Ján  |4 aut  |9 540331 
245 1 0 |a Influence of carbonatization on shrinkage of concrete  |c Ján Jerga 
300 |b Grafy, tab. 
504 |a Res. angl. 
504 |a Bibliogr. odkazy 
650 0 7 |a betón  |x zmrašťovanie  |x karbonizácia  |x skúšky zrýchlené  |2 snkbucl  |9 1421020 
650 0 7 |a karbonizácia  |2 snkbucl  |9 18317 
655 7 |a články z novín a časopisov  |2 snkbucl  |9 267496 
773 0 |t Building research journal  |g Roč. 50, č. 1 (2002), s. 1-6  |x 1335-8863 
850 |a Slovenská národná knižnica 
852 |a Slovenská národná knižnica 
958 |a article27 
958 |a NB 
958 |a OND 
958 |a EUIPO 
992 |a RBX 
999 |c 2874827  |d 2876757